[Event "1st Easter Festival-A 2021"]
[Site "Bassano del Grappa"]
[Date "2021.04.02"]
[Round "1.1"]
[White "Debevec, Blaz"]
[Black "Bernadskiy, Vitaliy"]
[Result "0-1"]
[WhiteElo "2165"]
[BlackElo "2599"]
[Annotator "TA"]
[PlyCount "88"]
[EventDate "2021.04.01"]
[EventType "swiss"]
[EventCountry "ITA"]
[SourceTitle "playchess.com"]
[Source "ChessBase"]
[SourceQuality "1"]

{[%evp 16,88,21,14,38,15,56,11,20,8,34,0,0,0,0,8,22,8,10,-33,-31,-75,-70,-80,-72,-123,-124,-132,-137,-124,-119,-207,-210,-224,-240,-230,-154,-177,-197,-224,-220,-219,-234,-248,-62,-63,-78,-78,-77,-381,-110,-142,-85,-85,-97,-127,-85,-533,-557,-1141,-1067,-4818,-4818,-2338,-2076,-4814,-4766,-29989,-29990,-29989,-29990,-29994,-29995,-29995,-29994]} 1. e4 g6 2. d4 Bg7 3. Nf3 c6 4. Nc3 d5 5. h3 dxe4 6. Nxe4 Nf6 7. Nxf6+ exf6 8. Bd3 O-O 9. O-O Be6 {B15: Caro-Kann: 3 Nc3: 3...g6 and 3...dxe4 4 Nxe4 Nf6 5 Nxf6+ exf6.} 10. Re1 a5 11. c3 Na6 {[#] The position is equal.} 12. Be3 $146 ({Predecessor:} 12. Bf4 Re8 13. Qc2 Bf8 14. Rad1 a4 15. b3 axb3 16. axb3 Qb6 17. Nd2 c5 18. Be3 cxd4 19. Bxd4 {0-1 (59) Stets,D (2479)-Reschke,S (2361) Schwaebisch Gmuend 2012}) 12... Nc7 13. Qd2 b5 14. a4 Bd5 15. Nh2 f5 16. Bg5 Qd7 17. Nf1 bxa4 18. Rxa4 c5 19. Rea1 cxd4 20. c4 (20. cxd4 $142 Ne6 21. Rxa5) 20... Be4 $17 21. Rxa5 Rxa5 22. Rxa5 Ne6 23. Bh4 (23. h4 $17) 23... Qc6 $19 24. f3 Bxd3 25. Qxd3 Rb8 26. Rb5 Ra8 27. Bg3 h5 28. b4 h4 29. Bh2 f4 $2 (29... Ra1 $19 30. Rd5 Rc1) 30. Kh1 $1 $15 Ra1 31. Bg1 Rc1 {Threatens to win with ...Qa6.} 32. c5 $2 {[%mdl 8192]} (32. Nd2 $17) 32... Rc3 $2 (32... Qd5 $1 $19 {is more deadly.} 33. Nd2 Qa2) 33. Rb8+ $17 {[#]} Kh7 ({Better is} 33... Bf8 $1 34. Qe2 Rc1) 34. Qd1 Qd5 35. Nd2 d3 {...Qe5 is the strong threat.} 36. Ne4 $2 {[%mdl 8192] [#]} (36. Rb6 $17 {nothing else works.}) 36... Ra3 $1 $19 {[%cal Ra3a1] And now ...Ra1 would win.} 37. Rb6 Ra1 38. Rd6 Rxd1 39. Rxd5 Bd4 $1 {[%cal Rd4g1]} 40. Rxd4 Nxd4 41. Kh2 Ne2 {Black mates.} 42. Bf2 Ng3 {[%csl Gg3][%cal Rd1h1]} 43. Bg1 Nxe4 44. fxe4 d2 {Weighted Error Value: White=0.90/Black=0.28} 0-1

[Event "1st Easter Festival-A 2021"]
[Site "Bassano del Grappa"]
[Date "2021.04.02"]
[Round "1.2"]
[White "Checa, Nicolas"]
[Black "Prieb, Robert"]
[Result "1-0"]
[WhiteElo "2546"]
[BlackElo "2123"]
[Annotator "TA"]
[PlyCount "33"]
[EventDate "2021.04.01"]
[EventType "swiss"]
[EventCountry "ITA"]
[SourceTitle "playchess.com"]
[Source "ChessBase"]
[SourceQuality "1"]

{[%evp 12,33,43,9,19,21,32,11,52,24,16,20,166,163,174,178,447,446,803,793,770,786,5282,3899]} 1. Nf3 Nf6 2. c4 g6 3. Nc3 d5 4. cxd5 Nxd5 5. e4 Nxc3 6. bxc3 Bg7 7. Ba3 {7.Rb1 is becoming the main line.} b6 {A16: English Opening: 1...Nf6 with ...d5.} 8. d4 c5 9. Bc4 {[#] Bd5 is the strong threat.} e6 $146 {The position is equal.} ({Predecessor:} 9... Nc6 10. O-O O-O 11. dxc5 Qc7 12. Nd4 Bb7 13. Bd5 Nxd4 14. cxd4 Bxd5 15. exd5 Rfd8 {½-½ (39) Bultman,M (2141)-Binas,J (2175) ICCF email 2004}) 10. O-O O-O 11. dxc5 Bxc3 {This costs Black the game.} (11... Qc7 $11) 12. Rc1 $18 Bf6 13. cxb6 Qxd1 $2 (13... axb6 {keeps fighting.} 14. Bxf8 Qxf8) 14. Rfxd1 {White is clearly winning.} Rd8 (14... Bb7 $142 15. Bxf8 Kxf8 16. Bxe6 fxe6) 15. Rxd8+ Bxd8 {[#]} 16. Bd5 $1 {[%mdl 576] Discovered Attack} exd5 (16... Nd7 17. Bxa8) 17. Rxc8 {Weighted Error Value: White=0.12/Black=0.89} 1-0

[Event "1st Easter Festival-A 2021"]
[Site "Bassano del Grappa"]
[Date "2021.04.02"]
[Round "1.3"]
[White "Nilssen, Ellen Fredericia"]
[Black "Dragnev, Valentin"]
[Result "0-1"]
[WhiteElo "2168"]
[BlackElo "2564"]
[Annotator "TA"]
[PlyCount "46"]
[EventDate "2021.04.01"]
[EventType "swiss"]
[EventCountry "ITA"]
[SourceTitle "playchess.com"]
[Source "ChessBase"]
[SourceQuality "1"]

{[%evp 9,46,19,30,24,45,6,6,4,12,12,16,0,0,0,11,-11,-4,0,0,-15,-18,-10,-15,-199,-191,-192,-200,-220,-228,-377,-377,-390,-362,-507,-498,-575,-569,-981,-980]} 1. c4 e5 2. Nc3 Nc6 3. e3 d6 4. d4 g6 5. Nf3 Bg7 6. Be2 {A25: English Opening vs King's Indian with ...Nc6 but without early d3.} Bd7 7. b3 {[#]} exd4 $146 ({Predecessor:} 7... f5 8. Bb2 e4 9. Nd2 Nf6 10. a3 O-O 11. b4 Kh8 12. Nb3 Ne7 13. d5 g5 {0-1 (72) Huang,Q (2399)-Paehtz,E (2459) Batumi 2012}) 8. exd4 {The position is equal.} Nge7 9. Bb2 O-O 10. O-O Nf5 {[%cal Rc6d4]} 11. Nd5 Be6 12. Ne3 Nxe3 13. fxe3 Qe7 14. Qd2 {[#] And now d5 would win.} Bf5 15. Rae1 Rae8 16. Kh1 $2 {This move loses the game for White.} (16. Bd1 $11 {and White is okay.}) 16... Qxe3 $19 17. Qd1 {[#]} Nb4 $1 18. Bc1 Qe4 19. Bd2 (19. c5 $142 Qc6 20. a4) 19... Nc2 20. Ng5 Qe7 21. Rxf5 (21. Nf3 {might work better.}) 21... Nxe1 {Black is clearly winning.} 22. Rf2 Bxd4 23. Qxe1 Bxf2 {Weighted Error Value: White=0.67/Black=0.04} 0-1

[Event "1st Easter Festival-A 2021"]
[Site "Bassano del Grappa"]
[Date "2021.04.02"]
[Round "1.4"]
[White "Moroni, Luca Jr"]
[Black "Gregoric, Andraz"]
[Result "1-0"]
[WhiteElo "2552"]
[BlackElo "2114"]
[Annotator "TA"]
[PlyCount "85"]
[EventDate "2021.04.01"]
[EventType "swiss"]
[EventCountry "ITA"]
[SourceTitle "playchess.com"]
[Source "ChessBase"]
[SourceQuality "1"]

{[%evp 12,84,27,25,35,33,31,0,0,0,0,0,0,0,11,0,12,19,19,0,15,37,0,-28,18,-20,0,0,-6,-23,0,0,51,39,41,61,78,0,0,-37,-34,-52,-35,-35,-42,-52,-52,-58,-34,-28,-18,-35,58,60,125,118,127,127,124,129,154,147,590,576,2373,2072,2101,1216,1807,839,29990,29991,29998,29999,29999]} 1. d4 Nf6 2. c4 e6 3. Nf3 Bb4+ 4. Bd2 c5 5. Bxb4 cxb4 6. a3 bxa3 7. Rxa3 b6 {E11: Bogo-Indian.} 8. Nc3 Bb7 9. Nb5 d5 {[#] The position is equal.} 10. cxd5 $146 {aiming for Qc1.} ({Predecessor:} 10. Nxa7 O-O 11. e3 Nc6 12. Nxc6 Bxc6 13. Ne5 Bb7 14. Rxa8 Qxa8 15. f3 Qa5+ 16. Kf2 {1-0 (41) Cupid,K (2124)-Davis,D (1774) Port of Spain 2018}) 10... a6 11. Nc3 Nxd5 12. e3 O-O 13. Bd3 Nxc3 14. bxc3 b5 15. Qb1 h6 16. Bh7+ Kh8 {And now ...Bxf3 would win.} 17. Be4 Bd5 18. Ne5 Nd7 19. Bxd5 exd5 20. Nd3 Qb6 21. O-O Rfc8 (21... Nf6 $11) 22. Qa2 $14 Qb7 23. h3 Ra7 {[#]} 24. Ra1 (24. Nb4 $1 $16) 24... Rca8 $1 $11 25. Ra5 Nb6 26. Nc5 Qc8 27. Qb3 ({Don't blunder} 27. Nxa6 $2 Nc4 $19) 27... Nc4 28. R5a2 Qc6 29. Rb1 Rd8 30. Nd3 Rd6 31. Qb4 Kg8 ({Better is} 31... Qd7 $15) 32. Qc5 $1 $14 {[%cal Rc5a7]} Qd7 {[#]} (32... Qxc5 $14 33. dxc5 (33. Nxc5 Rb6 $11) 33... Rc6) 33. Rxb5 $1 $16 {[%mdl 576] Pin} Rc7 34. Rb8+ Kh7 35. Qb4 Qf5 36. Nf4 {Rxa6! is the strong threat.} a5 {[%mdl 8192] This costs Black the game.} (36... Rc8 $16 {is tougher.}) 37. Rxa5 $18 Rcc6 38. Raa8 {[%csl Ga8][%cal Rb8h8]} g6 39. Rh8+ Kg7 40. Rhg8+ (40. Qb8 $142 Kf6 41. Rh7) 40... Kh7 41. Qb8 {White mates.} Qg5 {[#]} 42. Rg7+ $1 {[%mdl 576] Decoy} Kxg7 43. Qh8# {Weighted Error Value: White=0.11/Black=0.61} 1-0

[Event "1st Easter Festival-A 2021"]
[Site "Bassano del Grappa"]
[Date "2021.04.02"]
[Round "1.5"]
[White "Bolognese, Leonardo"]
[Black "Basso, Pier Luigi"]
[Result "0-1"]
[WhiteElo "2107"]
[BlackElo "2521"]
[Annotator "TA"]
[PlyCount "81"]
[EventDate "2021.04.01"]
[EventType "swiss"]
[EventCountry "ITA"]
[SourceTitle "playchess.com"]
[Source "ChessBase"]
[SourceQuality "1"]

{[%evp 13,81,-11,3,0,17,0,0,0,0,0,22,19,23,21,21,0,0,-12,24,1,0,-38,6,22,29,-63,-71,-73,-64,-72,-65,-91,-65,-76,-32,-99,-73,-91,0,0,0,0,0,-39,0,-62,-48,-45,-64,-102,-114,-104,-108,-229,-237,-244,-218,-230,-234,-235,-228,-226,-208,-201,-193,-425,-389,-4590,-4121,-779]} 1. d4 d5 2. c4 c6 3. Nf3 Nf6 4. Nc3 e6 5. Qb3 dxc4 6. Qxc4 b5 7. Qd3 a6 8. e4 {D43: Semi-Slav: 5 Bg5 h6.} c5 9. e5 c4 10. Qb1 {The position is equal.} Nd5 11. a4 b4 12. Ne4 {[#]} c3 $146 ({Predecessor:} 12... Nc6 13. Bxc4 Nb6 14. Bg5 Qd7 15. Be2 Nxd4 16. Nxd4 Qxd4 17. Be3 Qd8 18. O-O Be7 {1-0 (46) Kurukin,D (2409)-Aginian,N (2284) Voronezh 2011}) 13. bxc3 bxc3 14. Be2 Nc6 15. Ba3 Nf4 16. Nd6+ Bxd6 17. Bxd6 Ne7 18. Qe4 Ned5 19. O-O (19. Bf1 $1 $11) 19... f5 $1 $36 {[%cal Rf5e4][%mdl 2048] Black is in control.} 20. Qc2 Nxe2+ 21. Qxe2 a5 22. Qb5+ Kf7 {Strongly threatening ...Ba6.} 23. Rfc1 g5 24. Ne1 ({Better is} 24. Qb3 $15) 24... Ba6 $17 25. Qb3 g4 (25... Qc8 $17 26. Nc2 Bc4) 26. Rxc3 $11 Nxc3 27. Qxc3 Rc8 28. Qe3 Kg6 29. Bc5 (29. d5 $11) 29... Qd5 30. h3 Qe4 31. Qxe4 fxe4 32. hxg4 h5 33. gxh5+ {White does not recover from this.} (33. g5 $17) 33... Rxh5 $19 {Hoping for ...Rch8.} 34. f3 {[#]} Rch8 $1 {( -> ...e3)} 35. Kf2 {[#]} Rh1 $1 {[%cal Rh1f1]} 36. Nc2 Rxa1 37. Nxa1 exf3 38. Kxf3 Bb7+ 39. Kg3 $2 (39. Ke3 {is a better defense.}) 39... Kf5 40. Nc2 $2 (40. Nb3 Rg8+ 41. Kf2 Rxg2+ 42. Ke1) 40... Rg8+ 41. Kh4 {Weighted Error Value: White=0.46/Black=0.10} 0-1

[Event "1st Easter Festival-A 2021"]
[Site "Bassano del Grappa"]
[Date "2021.04.02"]
[Round "1.6"]
[White "Bjerre, Jonas Buhl"]
[Black "Hercog, Nusa"]
[Result "1-0"]
[WhiteElo "2549"]
[BlackElo "2088"]
[Annotator "TA"]
[PlyCount "69"]
[EventDate "2021.04.01"]
[EventType "swiss"]
[EventCountry "ITA"]
[SourceTitle "playchess.com"]
[Source "ChessBase"]
[SourceQuality "1"]

{[%evp 9,69,-4,3,0,4,0,4,-11,0,-16,-13,-16,12,16,32,0,0,0,0,0,0,0,0,-46,-49,-45,45,36,61,27,116,105,95,91,85,91,93,89,89,72,210,255,217,243,248,233,545,364,512,458,638,627,598,593,929,939,901,887,1013,1010,29991,29992]} 1. d4 d5 2. c4 c6 3. Nf3 e6 4. g3 dxc4 5. Bg2 b5 6. Ne5 {D30: Queen's Gambit Declined: Systems without Nc3.} Bb7 7. a4 a6 8. O-O {The position is equal.} Nf6 9. b3 cxb3 10. Bb2 Nfd7 11. Nd3 {[#]} a5 $146 ({Predecessor:} 11... Be7 12. Qxb3 O-O 13. Nd2 Qb6 14. a5 Qa7 15. Ne4 Rd8 16. Rac1 Nf8 17. Ne5 Ng6 18. Nxg6 hxg6 {1-0 (33) Kerek,C (2289)-Videki,S (2420) Hungary 2007}) 12. Qxb3 b4 13. Nd2 Be7 14. Rac1 O-O 15. Rfd1 Ra7 16. e4 Ba6 17. Nc4 Nf6 (17... c5 $15) 18. Nde5 $14 {[%mdl 1024] White has compensation.} Bb7 19. Qe3 {[#] d5 is the strong threat.} Na6 (19... Ra8 $11 {remains equal.}) 20. d5 $16 Bc5 21. Bd4 Bxd4 22. Qxd4 c5 23. Qb2 $36 {[%mdl 2048] [#] And now dxe6 would win. Keeping Black busy.} exd5 24. exd5 Nb8 {This move loses the game for Black.} ({Don't blunder} 24... Bxd5 $2 25. Ne3 $18) (24... h6 $16) 25. Nc6 $18 Bxc6 26. dxc6 Qe7 27. Nd6 Ra6 $2 (27... Na6 28. Nb7 h6) 28. Rxc5 Ra7 (28... Nxc6 {was necessary.} 29. Bxc6 Rd8) 29. Rcc1 Rd8 30. Nb5 Rxd1+ 31. Rxd1 Rc7 32. Nxc7 Qxc7 33. Qd4 {Qd8+ would kill now.} Ne8 34. Qd8 {[%cal Rd8e8]} Qe5 35. c7 {Weighted Error Value: White=0.14/Black=0.65} 1-0

[Event "1st Easter Festival-A 2021"]
[Site "Bassano del Grappa"]
[Date "2021.04.02"]
[Round "1.7"]
[White "Colonetti, Fabio"]
[Black "Bellahcene, Bilel"]
[Result "0-1"]
[WhiteElo "2071"]
[BlackElo "2517"]
[Annotator "RC"]
[PlyCount "52"]
[EventDate "2021.04.01"]
[EventType "swiss"]
[EventCountry "ITA"]
[SourceTitle "playchess.com"]
[Source "ChessBase"]
[SourceQuality "1"]
[TimeControl "5400+30"]

1. d4 {[%emt 1:30:30]} Nf6 {[%emt 1:30:30]} 2. c4 {[%emt 0:00:30]} e6 {[%emt 0:00:30]} 3. Nc3 {[%emt 0:00:30]} Bb4 {[%emt 0:00:30]} 4. e3 {[%emt 0:00:30]} b6 {[%emt 0:00:30]} 5. Nge2 {[%emt 0:00:30]} Ne4 {[%emt 0:00:30]} 6. Qc2 {[%emt 0:00:30]} Bb7 {[%emt 0:00:30]} 7. a3 {[%emt 0:00:30]} Bxc3+ {[%emt 0:00:30]} 8. Nxc3 {[%emt 0:00:30]} Nxc3 {[%emt 0:00:30]} 9. Qxc3 {[%emt 0:00:30]} d6 {[%emt 0:00:30]} 10. d5 {[%emt 0:00:30]} O-O {[%emt 0:00:30]} 11. dxe6 {[%emt 0:00:30]} fxe6 {[%emt 0:00:30]} 12. Qc2 {[%emt 0:00:30]} Qh4 {[%emt 0:00:30]} 13. b4 {[%emt 0:00:30]} Nd7 {[%emt 0:00:30]} 14. Bb2 {[%emt 0:00:30]} Rf7 {[%emt 0:00:30]} 15. h3 {[%emt 0:00:30]} Raf8 {[%emt 0:00:30]} 16. g3 {[%emt 0:00:30]} Rxf2 {[%emt 0:00:30]} 17. Qxf2 {[%emt 0:00:30]} Qh6 {[%emt 0:00:30]} 18. Qd2 {[%emt 0:00:30]} Bxh1 {[%emt 0:00:30]} 19. O-O-O {[%emt 0:00:30]} Bf3 {[%emt 0:00:30]} 20. Re1 {[%emt 0:00:30]} Be4 {[%emt 0:00:30]} 21. Bg2 {[%emt 0:00:30]} Qg6 {[%emt 0:00:30]} 22. Bxe4 {[%emt 0:00:30]} Qxe4 {[%emt 0:00:30]} 23. Qd4 {[%emt 0:00:30]} Qg6 {[%emt 0:00:30]} 24. g4 {[%emt 0:00:30]} Ne5 {[%emt 0:00:30]} 25. Rd1 {[%emt 0:00:30]} Rf2 {[%emt 0:00:30]} 26. e4 {[%emt 0:00:30]} Re2 {[%emt 0:00:30]} 0-1

[Event "1st Easter Festival-A 2021"]
[Site "Bassano del Grappa"]
[Date "2021.04.02"]
[Round "1.8"]
[White "Dardha, Daniel"]
[Black "Waffenschmidt, Joachim"]
[Result "1-0"]
[WhiteElo "2516"]
[BlackElo "2071"]
[Annotator "TA"]
[PlyCount "73"]
[EventDate "2021.04.01"]
[EventType "swiss"]
[EventCountry "ITA"]
[SourceTitle "playchess.com"]
[Source "ChessBase"]
[SourceQuality "1"]

{[%evp 20,73,35,19,39,33,3,29,37,0,0,0,0,0,33,0,10,-30,56,52,90,62,195,195,197,200,199,195,616,617,699,694,683,687,745,718,858,852,1914,1963,1518,1423,1307,435,430,431,431,430,406,405,716,707,689,645,29976,29977]} 1. d4 d5 2. c4 c6 3. Nc3 Nf6 4. Nf3 dxc4 5. a4 Bf5 6. Ne5 Nbd7 7. Nxc4 Qc7 8. g3 e5 9. dxe5 Nxe5 10. Bf4 Nfd7 {[#]} 11. Bg2 $1 g5 {D17: Slav Defence: 5 a4 Bf5: Lines with 6 Nh4 and 6 Ne5.} (11... Be6 12. Nxe5) 12. Ne3 gxf4 13. Nxf5 O-O-O {White has an edge.} 14. O-O fxg3 15. hxg3 h5 16. Rc1 {And now Nd5! would win.} Nf6 {[#]} 17. Qb3 $146 ({Predecessor:} 17. Qc2 Kb8 18. Nb5 Qb6 19. Qc3 Nfg4 20. e3 cxb5 21. a5 b4 22. Qxe5+ Nxe5 23. axb6 axb6 {½-½ (37) Porte,H (2115)-Christensen,T (2357) Copenhagen 2017}) 17... Kb8 18. e3 Nd3 (18... h4 $11) 19. Rcd1 $14 h4 20. Ne2 ({Much weaker is} 20. Nxh4 $6 Rxh4 21. Rxd3 Rxd3 $11) (20. Ne4 {keeps more tension.} Nxe4 21. Rxd3 Nc5 22. Rxd8+ Qxd8 23. Qc3) 20... hxg3 {This costs Black the game.} (20... Nc5 $14 21. Rxd8+ Qxd8 22. Qxf7 h3) 21. Rxd3 $18 Rxd3 22. Qxd3 gxf2+ 23. Rxf2 {Strongly threatening Qd4.} Bc5 (23... Rg8 24. Qd4 Nd7) 24. Qc3 Qh2+ 25. Kf1 Rd8 {Hoping for ...Rd1+.} 26. Nf4 Ng4 27. Qxc5 Rd1+ 28. Ke2 Nxf2 29. Qe5+ Kc8 30. Kxf2 Rd2+ 31. Ke1 (31. Kf3 $142 a6 32. Nd6+ {[%mdl 64] Double Attack} Kd7 33. Nxb7 Rxg2 34. Nc5+ {[%mdl 64] Double Attack} Kd8 35. Qd6+ {[%mdl 64] Double Attack} Ke8 36. Ne4 Rf2+ 37. Nxf2) 31... Rxg2 {[%cal Rh2h1]} 32. Qe8+ {[%mdl 64] Double Attack} Kc7 {[%cal Rh2h1]} 33. Qxf7+ ({Less strong is} 33. Nxg2 Qg1+ 34. Kd2 Qf2+ 35. Kc3 Qxf5 $18) 33... Kb6 {[%cal Rh2h1]} 34. Nxg2 Qg1+ (34... Qxg2 $142 35. Qb3+ Kc7 36. Qf7+ Kb6 37. Qb3+ Kc7) 35. Kd2 Qxg2+ 36. Kc3 {Intending a5+! and mate.} Qe4 {[#]} 37. Qxb7+ $3 {[%mdl 512] Weighted Error Value: White=0.30/Black=0.54} 1-0

[Event "1st Easter Festival-A 2021"]
[Site "Bassano del Grappa"]
[Date "2021.04.02"]
[Round "1.9"]
[White "Mameli, Gianluca"]
[Black "Niemann, Hans Moke"]
[Result "0-1"]
[WhiteElo "2066"]
[BlackElo "2526"]
[Annotator "RC"]
[PlyCount "58"]
[EventDate "2021.04.01"]
[EventType "swiss"]
[EventCountry "ITA"]
[SourceTitle "playchess.com"]
[Source "ChessBase"]
[SourceQuality "1"]
[TimeControl "5400+30"]

1. e4 {[%emt 0:07:01]} e5 {[%emt 0:00:00]} 2. Nc3 {[%emt 0:03:54]} Nc6 {[%emt 0:00:23]} 3. Bc4 {[%emt 0:03:53]} Nf6 {[%emt 0:00:16]} 4. d3 {[%emt 0:04:51]} Na5 {[%emt 0:00:14]} 5. Nf3 {[%emt 0:00:14]} d6 {[%emt 0:00:07]} 6. O-O {[%emt 0:06:17]} c6 {[%emt 0:00:20]} 7. a3 {[%emt 0:03:09]} Nxc4 {[%emt 0:00:44]} 8. dxc4 {[%emt 0:00:05]} Be7 {[%emt 0:01:37]} 9. b4 {[%emt 0:03:48]} Be6 {[%emt 0:01:30]} 10. Qe2 {[%emt 0:06:31]} Nd7 {[%emt 0:00:31]} 11. Rd1 {[%emt 0:01:57]} O-O {[%emt 0:00:28]} 12. Bb2 {[%emt 0:07:04]} Qc7 {[%emt 0:00:40]} 13. Nd2 {[%emt 0:09:55]} Nb6 {[%emt 0:00:35]} 14. Kh1 {[%emt 0:06:06]} Rfd8 {[%emt 0:00:53]} 15. a4 {[%emt 0:09:59]} a5 {[%emt 0:00:12]} 16. b5 {[%emt 0:05:40]} Bg5 {[%emt 0:00:14]} 17. c5 {[%emt 0:05:32]} dxc5 {[%emt 0:00:09]} 18. bxc6 {[%emt 0:02:23]} bxc6 {[%emt 0:01:51]} 19. Nb3 {[%emt 0:02:30]} Nc4 {[%emt 0:00:16]} 20. Rxd8+ {[%emt 0:04:01]} Rxd8 {[%emt 0:00:09]} 21. Bc1 {[%emt 0:00:10]} Be7 {[%emt 0:00:11]} 22. Be3 {[%emt 0:01:26]} Nxe3 {[%emt 0:02:41]} 23. Qxe3 {[%emt 0:00:09]} c4 {[%emt 0:00:08]} 24. Nc1 {[%emt 0:03:04]} Qb7 {[%emt 0:01:26]} 25. N1e2 {[%emt 0:00:28]} Qb2 {[%emt 0:00:23]} 26. Qc1 {[%emt 0:00:48]} Qxc1+ {[%emt 0:00:41]} 27. Rxc1 {[%emt 0:00:06]} Rd2 {[%emt 0:00:11]} 28. Kg1 {[%emt 0:01:24]} h6 {[%emt 0:00:48]} 29. Kf1 {[%emt 0:00:15]} Ba3 {[%emt 0:00:03]} 0-1

[Event "1st Easter Festival-A 2021"]
[Site "Bassano del Grappa"]
[Date "2021.04.02"]
[Round "1.10"]
[White "Sonis, Francesco"]
[Black "Grimaldi, Angela Flavia"]
[Result "1-0"]
[WhiteElo "2477"]
[BlackElo "2067"]
[Annotator "TA"]
[PlyCount "93"]
[EventDate "2021.04.01"]
[EventType "swiss"]
[EventCountry "ITA"]
[SourceTitle "playchess.com"]
[Source "ChessBase"]
[SourceQuality "1"]

{[%evp 27,93,25,30,20,43,31,46,27,45,26,44,29,50,47,66,46,35,39,47,47,56,41,93,100,97,87,122,118,120,114,118,111,143,137,124,106,104,98,114,108,108,86,80,66,64,0,72,50,51,28,33,47,70,57,59,56,62,73,102,93,121,89,86,81,827,771,29991,29991]} 1. d4 Nf6 2. c4 e6 3. Nc3 d5 4. cxd5 exd5 5. Bg5 Be7 6. e3 c6 7. Bd3 Nbd7 8. Nf3 h6 9. Bh4 Nh5 10. Bxe7 Qxe7 11. O-O O-O 12. Rb1 a5 13. Qc2 Nhf6 14. a3 Re8 15. Nd2 {D36: Queen's Gambit Declined: Exchange Variation: Main line (5 Bg5 c6 6 Qc2).} Qd6 {[#]} 16. Rfd1 $146 ({Predecessor:} 16. Na4 Ng4 17. Nf3 Ngf6 18. Nd2 Ng4 19. Nf3 Ngf6 20. Nd2 {½-½ (20) Esipenko,A (2490)-Landa,K (2601) Bad Wiessee 2016}) 16... Nf8 17. b4 {White is slightly better.} axb4 18. axb4 Ne6 19. Ne2 Ng5 20. Ng3 Ng4 21. Ndf1 Bd7 22. b5 Ra3 23. bxc6 bxc6 24. Rb7 {Black must now prevent Rxd7!} Bc8 (24... Nf6 $14) 25. Rb6 $16 Bd7 26. Bf5 Bxf5 27. Nxf5 Qd7 28. f3 ({Of course not} 28. Rxc6 $6 Ne4 $11) 28... Nf6 29. Rxc6 Ra2 30. Qxa2 Qxc6 31. N5g3 h5 32. h4 Ngh7 {[%cal Bg5h7,Bh7f8,Bf8e6][%mdl 32]} 33. Qb1 Nf8 34. Qf5 g6 35. Qf4 Kg7 36. Qg5 ({White should try} 36. Ra1 $14) 36... Qc2 (36... N8h7 $11 {keeps the balance.} 37. Qf4 Nf8) 37. Rd2 Qb1 38. Ne2 Ne6 39. Qg3 Kh7 40. Qf2 Ng7 41. Neg3 Rc8 42. Rb2 Qa1 43. Rb7 Qd1 {[#] Strongly threatening ...Rc2.} 44. Qb2 ({Don't play} 44. Rxf7 $6 Rc2 $14) 44... Rc2 45. Qb4 Rc4 $2 {[%mdl 8192]} (45... Ra2 $16) 46. Qe7 $18 Rc1 47. Qxf6 {Weighted Error Value: White=0.10/Black=0.36} 1-0